<?xml version="1.0" encoding="UTF-8"?>
<record
    xmlns:xsi="http://www.w3.org/2001/XMLSchema-instance"
    xsi:schemaLocation="http://www.loc.gov/MARC21/slim http://www.loc.gov/standards/marcxml/schema/MARC21slim.xsd"
    xmlns="http://www.loc.gov/MARC21/slim">

  <leader>02566nam a22002657a 4500</leader>
  <controlfield tag="003">BI-BuBU</controlfield>
  <controlfield tag="008">150202t2014    bd||||dr|||| 000 0 fre d</controlfield>
  <datafield tag="037" ind1=" " ind2=" ">
    <subfield code="b">Don</subfield>
  </datafield>
  <datafield tag="039" ind1=" " ind2=" ">
    <subfield code="a">2015020201361.0</subfield>
    <subfield code="b">C&#xE9;cile Mpitarusuma</subfield>
  </datafield>
  <datafield tag="040" ind1=" " ind2=" ">
    <subfield code="a">BI-BuBU</subfield>
    <subfield code="b">fre</subfield>
    <subfield code="c">BI-BuBU</subfield>
  </datafield>
  <datafield tag="041" ind1="0" ind2=" ">
    <subfield code="a">fre</subfield>
  </datafield>
  <datafield tag="080" ind1=" " ind2=" ">
    <subfield code="a">331.823.</subfield>
  </datafield>
  <datafield tag="100" ind1="1" ind2=" ">
    <subfield code="4">aut.</subfield>
    <subfield code="a">Nijimbere, Gilbert</subfield>
    <subfield code="9">107014</subfield>
  </datafield>
  <datafield tag="245" ind1="1" ind2=" ">
    <subfield code="a">Analyse des obligations de l'employeur par rapport &#xE0; la sant&#xE9; et &#xE0; la s&#xE9;curit&#xE9; de ses travailleurs</subfield>
    <subfield code="c">Gilbert Nijimbere ; Dr Fr&#xE9;d&#xE9;ric Ntimarubusa, directeur</subfield>
  </datafield>
  <datafield tag="260" ind1=" " ind2=" ">
    <subfield code="a">Bujumbura</subfield>
    <subfield code="b">Universit&#xE9; du Burundi, Facult&#xE9; de Dorit</subfield>
  </datafield>
  <datafield tag="300" ind1=" " ind2=" ">
    <subfield code="a">IV-88 f.</subfield>
    <subfield code="c">30 cm.</subfield>
  </datafield>
  <datafield tag="520" ind1=" " ind2=" ">
    <subfield code="a">La vie humaine est comme une lutte et dans cette derni&#xE8;re, l'homme y rencontre des nuisances et surtout dans l'ex&#xE9;cution du contrat de travail o&#xF9; sa sant&#xE9; et s&#xE9;curit&#xE9; sont souvent menac&#xE9;es. La protection de la sant&#xE9; et de la s&#xE9;curit&#xE9; physique et morale des travailleurs a pr&#xE9;occup&#xE9; les pays industrialis&#xE9;s quitte &#xE0; la faire une pierre angulaire du droit du travail.

Ce travail expose l'obligation de pr&#xE9;vention des maladies et des accidents et l'obligation de prendre en charge un  travailleur malade ou accident&#xE9; mises &#xE0; la charge de l'employeur pour montrer l'inefficacit&#xE9; et l'ineffectivit&#xE9; des garanties de protection de la sant&#xE9; et la s&#xE9;curit&#xE9; des travailleurs d&#xE9;pendants au Burundi.

Il analyse les notions g&#xE9;n&#xE9;rales sur la sant&#xE9; et la s&#xE9;curit&#xE9; des travailleurs en passant par le sens des concepts "sant&#xE9; et s&#xE9;curit&#xE9; au travail". L&#xE0;, il expose aussi les risques qui menacent la sant&#xE9; et la s&#xE9;curit&#xE9; des travailleurs dans ou en dehors  de l'entreprise.

Ce travail traite, ensuite, l'obligation de pr&#xE9;vention mise &#xE0; la charge de l'employeur en indiquant les organes indispensables en mati&#xE8;re de pr&#xE9;vention  que l'employeur doit mettre en place dans son entreprise. Enfin, il examine l'obligation de prise en charge du malade ou de l'accident&#xE9; sans oublier la situation professionnelle du travailleur apr&#xE8;s la suspension du contrat li&#xE9;e au risque. Il est cl&#xF4;tur&#xE9; par l'examen des sanctions en cas de m&#xE9;connaissance de l'une ou l'autre obligation.</subfield>
  </datafield>
  <datafield tag="650" ind1=" " ind2="7">
    <subfield code="2">BI-BuBU</subfield>
    <subfield code="a">Travailleur</subfield>
    <subfield code="x">Sant&#xE9;</subfield>
    <subfield code="x">Employeur</subfield>
    <subfield code="x">Obligation</subfield>
    <subfield code="9">106432</subfield>
  </datafield>
  <datafield tag="650" ind1=" " ind2="7">
    <subfield code="2">BI-BuBU</subfield>
    <subfield code="a">Travailleur</subfield>
    <subfield code="x">S&#xE9;curit&#xE9;</subfield>
    <subfield code="x">Employeur</subfield>
    <subfield code="x">Obligation</subfield>
    <subfield code="9">106433</subfield>
  </datafield>
  <datafield tag="655" ind1=" " ind2="7">
    <subfield code="2">BI-BuBU</subfield>
    <subfield code="a">M&#xE9;moire</subfield>
    <subfield code="9">107015</subfield>
  </datafield>
  <datafield tag="700" ind1="1" ind2=" ">
    <subfield code="4">dir.</subfield>
    <subfield code="a">Ntimarubusa, Fr&#xE9;d&#xE9;ric</subfield>
    <subfield code="9">106435</subfield>
  </datafield>
  <datafield tag="942" ind1=" " ind2=" ">
    <subfield code="2">ddc</subfield>
    <subfield code="c">MEM</subfield>
  </datafield>
  <datafield tag="999" ind1=" " ind2=" ">
    <subfield code="c">30525</subfield>
    <subfield code="d">30525</subfield>
  </datafield>
  <datafield tag="952" ind1=" " ind2=" ">
    <subfield code="0">0</subfield>
    <subfield code="1">0</subfield>
    <subfield code="2">udc</subfield>
    <subfield code="4">0</subfield>
    <subfield code="7">1</subfield>
    <subfield code="9">44493</subfield>
    <subfield code="a">BC</subfield>
    <subfield code="b">BC</subfield>
    <subfield code="d">2015-02-02</subfield>
    <subfield code="e">Don de l'auteur</subfield>
    <subfield code="l">0</subfield>
    <subfield code="o">331.823. NIJ. A</subfield>
    <subfield code="p">5010000423759</subfield>
    <subfield code="r">2015-02-02</subfield>
    <subfield code="t">1</subfield>
    <subfield code="w">2015-02-02</subfield>
    <subfield code="y">MEM</subfield>
  </datafield>
</record>
